Les 30 joueurs les mieux valorisés de Serie A en 2025 - Statistiques

Statistiques générales
  • Ce quiz a été pris 106 fois
    38 depuis la dernière actualisation
  • Le résultat moyen est 19 sur 30
Statistiques - réponses
Rang Valeur Club Nationalité Joueur % Correct
1 85 M Inter Milan Argentine Lautaro Martínez
100%
- 40 M Juventus France Képhren Thuram
95%
- 50 M Inter Milan France Marcus Thuram
95%
- 65 M AC Milan Portugal Rafael Leão
95%
3 70 M Inter Milan Italie Alessandro Bastoni
92%
6 50 M AC Milan Etats-Unis Christian Pulisic
89%
2 75 M Juventus Turquie Kenan Yildiz
89%
- 50 M AS Roma France Manu Koné
89%
- 50 M Inter Milan Italie Nicolò Barella
89%
12 45 M Napoli Ecosse Scott McTominay
89%
4 65 M Como Argentine Nico Paz
84%
- 50 M Inter Milan Italie Frederico Dimarco
76%
- 50 M Napoli Danemark Rasmus Højlund
76%
- 40 M Fiorentina Italie Moise Kean
68%
- 35 M Juventus Serbie Dušan Vlahović
66%
- 35 M Juventus Canada Jonathan David
66%
14 40 M Atalanta Bergame Brésil Éderson
61%
- 40 M Inter Milan Allemagne Yann Bisseck
61%
- 35 M Juventus Brésil Bremer
53%
- 35 M AC Milan Serbie Strahinja Pavlović
47%
- 35 M Atalanta Bergame Belgique Charles De Ketelaere
45%
- 40 M AS Roma Brésil Wesley
45%
- 35 M Inter Milan France Ange-Yoan Bonny
42%
- 35 M AS Roma Côte d'Ivoire Evan Ndicka
42%
- 45 M Inter Milan Italie Pio Esposito
42%
- 35 M AS Roma Pays-Bas Donyell Malen
37%
- 35 M AS Roma Argentine Matías Soulé
34%
- 35 M AS Roma Serbie Mile Svilar
24%
19 35 M FC Bologna Argentine Santiago Castro
24%
- 35 M Napoli Italie Alessandro Buongiorno
16%
Aucun quiz correspondant
Distribution des résultats
% des personnes avec chaque résultat
Percentile par nombre de réponses
Votre historique - résultats
Vous n’avez pas pris ce quiz depuis la dernière actualisation